[Event "Reunion op 18th"]
[Site "St Denis"]
[Date "2016.10.11"]
[Round "3"]
[White "Leonardy, Baptiste"]
[Black "Hubert, Nathan"]
[Result "0-1"]
[WhiteElo "1195"]
[BlackElo "1080"]
[PlyCount "68"]
[EventDate "2016.10.10"]
[EventType "swiss"]
[EventRounds "7"]
[EventCountry "RUF"]
[SourceTitle "CBM 175 Extra"]
[Source "ChessBase"]
[SourceDate "2016.12.12"]
[SourceVersion "1"]
[SourceVersionDate "2016.12.12"]
[SourceQuality "1"]

1. e4 d5 2. exd5 c6 3. dxc6 Nxc6 4. Nc3 Nf6 5. Nf3 e5 6. Bb5 e4 7. Qe2 Bg4 8. Nxe4 Be7 9. Nxf6+ gxf6 10. h3 Bd7 11. a3 Rc8 12. 0-0 a6 13. Ba4 b5 14. Bb3 Na5 15. d3 Bc6 16. Bd2 Nxb3 17. cxb3 Bxf3 18. Qxf3 Rc2 19. Bc3 a5 20. b4 a4 21. Rfe1 Kf8 22. d4 Rg8 23. Qc6 f5 24. Qxb5 Bh4 25. g3 Bxg3 26. Qc5+ Bd6+ 27. Kf1 Bxc5 28. dxc5 Qa8 29. c6 Qxc6 30. Re8+ Qxe8 31. Re1 Qa8 32. Bg7+ Rxg7 33. Re8+ Kxe8 34. Ke1 Rg1# 0-1

[Event "Reunion op 17th"]
[Site "St Denis"]
[Date "2015.10.10"]
[Round "7"]
[White "Hubert, Nathan"]
[Black "Alex Geerjanan, Nils"]
[Result "1-0"]
[WhiteElo "1020"]
[BlackElo "1120"]
[PlyCount "51"]
[EventDate "2015.10.10"]
[EventType "swiss"]
[EventRounds "9"]
[EventCountry "RUF"]
[SourceTitle "CBM 168 Extra"]
[Source "ChessBase"]
[SourceDate "2015.10.29"]
[SourceVersion "1"]
[SourceVersionDate "2015.10.29"]
[SourceQuality "1"]

1. d4 d5 2. c4 c6 3. Nc3 Nf6 4. Bg5 h6 5. Bxf6 gxf6 6. Nf3 Bf5 7. e3 e6 8. Be2 Bd6 9. 0-0 e5 10. c5 exd4 11. exd4 Be7 12. Nh4 Qd7 13. h3 b6 14. b4 bxc5 15. bxc5 Bd8 16. Bg4 Bxg4 17. Re1+ Be7 18. hxg4 Na6 19. Nf5 Nb4 20. Re2 0-0 21. Nxe7+ Kg7 22. Nf5+ Kg8 23. Re7 Qd8 24. Qc1 Nd3 25. Qxh6 Qxe7 26. Qg7# 1-0

[Event "Reunion op 17th"]
[Site "St Denis"]
[Date "2015.10.10"]
[Round "6"]
[White "Poudroux, Mathilde"]
[Black "Hubert, Nathan"]
[Result "1-0"]
[WhiteElo "1199"]
[BlackElo "1020"]
[PlyCount "77"]
[EventDate "2015.10.10"]
[EventType "swiss"]
[EventRounds "9"]
[EventCountry "RUF"]
[SourceTitle "CBM 168 Extra"]
[Source "ChessBase"]
[SourceDate "2015.10.29"]
[SourceVersion "1"]
[SourceVersionDate "2015.10.29"]
[SourceQuality "1"]

1. e4 e5 2. Nf3 Nc6 3. d4 d6 4. d5 Nce7 5. Bb5+ c6 6. Bc4 Nf6 7. Nc3 Bg4 8. 0-0 Bh5 9. Be3 Ng4 10. Ng5 f5 11. f4 Nxe3 12. Qxh5+ g6 13. Qe2 Qb6 14. dxc6 Nxc2+ 15. Qf2 Ne3 16. Nf7 exf4 17. Nxd6+ Kd8 18. Nf7+ Ke8 19. Nxh8 Nxf1 20. Kxf1 Rd8 21. Nd5 Nxd5 22. exd5 Bg7 23. Re1+ Kf8 24. Qxb6 axb6 25. cxb7 Bxh8 26. Rd1 Bxb2 27. d6 h5 28. Rd2 Bc3 29. Rd3 Be5 30. Bb5 g5 31. Bd7 g4 32. Kf2 h4 33. Rd5 g3+ 34. hxg3 fxg3+ 35. Kg1 Bf4 36. Rxf5+ Kg7 37. Rxf4 Rxd7 38. b8Q Ra7 39. Qxa7+ 1-0

[Event "Reunion op 16th"]
[Site "St Denis"]
[Date "2014.10.23"]
[Round "6"]
[White "Hubert, Nathan"]
[Black "Labrande, Jean Donatien"]
[Result "0-1"]
[WhiteElo "1099"]
[BlackElo "1372"]
[PlyCount "50"]
[EventDate "2014.10.18"]
[EventType "swiss"]
[EventRounds "9"]
[EventCountry "RUF"]
[SourceTitle "EXT 2015"]
[Source "ChessBase"]
[SourceDate "2014.11.20"]
[SourceVersion "1"]
[SourceVersionDate "2014.11.20"]
[SourceQuality "1"]

1. e4 e5 2. Nf3 Nc6 3. Nc3 Nf6 4. Bc4 Bc5 5. d3 d6 6. 0-0 Bg4 7. Bd2 Nd4 8. Nxd4 Bxd1 9. Rfxd1 Bxd4 10. Nd5 Nxd5 11. exd5 Qh4 12. Be1 Bxb2 13. Rab1 Qd4 14. Rd2 a6 15. c3 Bxc3 16. Rc2 Bxe1 17. Rxe1 b5 18. Bb3 c5 19. dxc6 Qxd3 20. Bd5 Qxc2 21. c7 Qxc7 22. Bxa8 0-0 23. Be4 Qc4 24. Re3 Qc1+ 25. Re1 Qxe1# 0-1

[Event "Reunion op 16th"]
[Site "St Denis"]
[Date "2014.10.18"]
[Round "1"]
[White "Hubert, Nathan"]
[Black "Cochard, Franck Olivier"]
[Result "0-1"]
[WhiteElo "1099"]
[BlackElo "1655"]
[PlyCount "76"]
[EventDate "2014.10.18"]
[EventType "swiss"]
[EventRounds "9"]
[EventCountry "RUF"]
[SourceTitle "EXT 2015"]
[Source "ChessBase"]
[SourceDate "2014.11.20"]
[SourceVersion "1"]
[SourceVersionDate "2014.11.20"]
[SourceQuality "1"]

1. e4 d5 2. Nc3 dxe4 3. Nxe4 Bf5 4. d3 e5 5. g4 Bxe4 6. dxe4 Qxd1+ 7. Kxd1 Nf6 8. f3 Nc6 9. Be3 Be7 10. Bd3 0-0-0 11. Kc1 Nd4 12. Bxd4 Rxd4 13. Nh3 Bc5 14. f4 exf4 15. Nxf4 Nxe4 16. g5 Nf2 17. Rf1 Rxf4 18. Be4 Be3+ 19. Kb1 Nxe4 20. Rxf4 Bxf4 21. c3 Rd8 22. a4 Rd1+ 23. Ka2 Rxa1+ 24. Kxa1 Bxh2 25. b4 Nxg5 26. a5 f5 27. c4 f4 28. c5 f3 29. b5 f2 30. b6 axb6 31. cxb6 cxb6 32. axb6 f1Q+ 33. Ka2 Be5 34. Ka3 Qd3+ 35. Ka2 Qc2+ 36. Ka3 Bb2+ 37. Ka2 Bc1+ 38. Ka1 Qb2# 0-1